000 01698nam a2200301Ia 4500
999 _c56206
_d56206
001 23307
003 GE_BSU
005 20251208155912.0
008 181216s1979||||ge |||||||||||||| ||geo||
040 _cGE_BSU
041 _ageo
080 _a94(55) + 32(55) + 008(55) + 338(55) + 316.42(55) კ-49
100 _aკიკნაძე, ოთარ
_922475
245 _aირანი : ისტორიულ-პოლიტიკური, კულტურული და სოციალურ-ეკონომიკური ნარკვევი /
_cოთარ კიკნაძე ; საქ. სსრ მეცნ. აკად. საზ. მეცნ. დარგში სამეცნ. ინფორმ. სექტორი.
250 _a
264 _aთბილისი :
_bმეცნიერება,
_c1979.
300 _a261 გვ. ;
_c22 სმ.
500 _aგამოწ. ლიტ-რა და წყაროები: გვ. 250-259
541 _h5 ლ.
653 _aირანი : ისტ.-პოლიტ. კულტ. და სოც.-ეკონ. ნარკვევი
653 _aირანის ისტორია
653 _aირანის პოლიტიკა
653 _aირანის კულტურა
653 _aირანის სოციალური განვითარება
653 _aირანის ეკონომიკა
710 _aსაქ. სსრ მეცნ. აკადემია
_bსაზ. მეცნ. დარგში სამეცნ. ინფორმ. სექტორი
_926385
942 _cBK
_2udc